000123115 001__ 123115
000123115 005__ 20200422152442.0
000123115 0247_ $$2doi$$a10.1159/000377721
000123115 0247_ $$2ISSN$$a0014-312X
000123115 0247_ $$2ISSN$$a0014-312x
000123115 0247_ $$2ISSN$$a1421-9921
000123115 037__ $$aERESRWTH-2020-00106
000123115 082__ $$a610
000123115 1001_ $$0P:(DE-HGF)0$$aGross, Dominik$$b0
000123115 245__ $$aEthics in Animal-Based Research
000123115 260__ $$aBasel [u.a.]$$bKarger$$c2015
000123115 3367_ $$2DRIVER$$aarticle
000123115 3367_ $$2DataCite$$aOutput Types/Journal article
000123115 3367_ $$0PUB:(DE-HGF)16$$2PUB:(DE-HGF)$$aJournal Article$$bjournal$$mjournal$$s1587476624_16531
000123115 3367_ $$2BibTeX$$aARTICLE
000123115 3367_ $$2ORCID$$aJOURNAL_ARTICLE
000123115 3367_ $$00$$2EndNote$$aJournal Article
000123115 588__ $$aDataset connected to CrossRef
000123115 7001_ $$0P:(DE-HGF)0$$aTolba, Ren� H.$$b1
000123115 773__ $$0PERI:(DE-600)1468505-x$$a10.1159/000377721$$gVol. 55, no. 1-2, p. 43 - 57$$n1-2$$p43 - 57$$tEuropean surgical research$$v55$$x1421-9921$$y2015
000123115 909CO $$ooai:reserves.ub.rwth-aachen.de:123115$$pVDB
000123115 915__ $$0StatID:(DE-HGF)0410$$2StatID$$aAllianz-Lizenz
000123115 915__ $$0StatID:(DE-HGF)0420$$2StatID$$aNationallizenz
000123115 915__ $$0StatID:(DE-HGF)0100$$2StatID$$aJCR$$bEUR SURG RES : 2017
000123115 915__ $$0StatID:(DE-HGF)0200$$2StatID$$aDBCoverage$$bSCOPUS
000123115 915__ $$0StatID:(DE-HGF)0300$$2StatID$$aDBCoverage$$bMedline
000123115 915__ $$0StatID:(DE-HGF)0310$$2StatID$$aDBCoverage$$bNCBI Molecular Biology Database
000123115 915__ $$0StatID:(DE-HGF)0320$$2StatID$$aDBCoverage$$bPubMed Central
000123115 915__ $$0StatID:(DE-HGF)0600$$2StatID$$aDBCoverage$$bEbsco Academic Search
000123115 915__ $$0StatID:(DE-HGF)0030$$2StatID$$aPeer Review$$bASC
000123115 915__ $$0StatID:(DE-HGF)0199$$2StatID$$aDBCoverage$$bClarivate Analytics Master Journal List
000123115 915__ $$0StatID:(DE-HGF)0110$$2StatID$$aWoS$$bScience Citation Index
000123115 915__ $$0StatID:(DE-HGF)0150$$2StatID$$aDBCoverage$$bWeb of Science Core Collection
000123115 915__ $$0StatID:(DE-HGF)0111$$2StatID$$aWoS$$bScience Citation Index Expanded
000123115 915__ $$0StatID:(DE-HGF)1110$$2StatID$$aDBCoverage$$bCurrent Contents - Clinical Medicine
000123115 915__ $$0StatID:(DE-HGF)1030$$2StatID$$aDBCoverage$$bCurrent Contents - Life Sciences
000123115 915__ $$0StatID:(DE-HGF)1050$$2StatID$$aDBCoverage$$bBIOSIS Previews
000123115 915__ $$0StatID:(DE-HGF)9900$$2StatID$$aIF < 5
000123115 9201_ $$0I:(DE-RON)20ss-52.39593$$k20ss-52.39593$$lExperimental Medicine (SE) [52.39593]$$x0
000123115 961__ $$c2020-04-21T15:43:48.393534$$i2020-04-21T14:54:39.580819$$x2020-04-21T14:54:39.580819$$z2020-04-21T15:43:48.393534
000123115 980__ $$ajournal
000123115 980__ $$aVDB
000123115 980__ $$aI:(DE-RON)20ss-52.39593
000123115 980__ $$aUNRESTRICTED